Australian journal of oto-laryngology the official journal of the Australian Society of Oto-laryngology Head and Neck Surgery.

Bibliographic Details
Previous Title:Journal of the Oto-laryngological Society of Australia
Corporate Author: Australian Society of Oto-laryngology, Head and Neck Surgery
Format: Electronic Journal
Language:English
Published: St. Leonards, N.S.W. : The Society, [1992]-
Subjects:
Online Access:Full text available from Research Library: 07/01/1998 to 06/30/2005

MARC

LEADER 00000nas a2200000 a 4500
001 ssj0018393
003 WaSeSS
005 20200512172242.0
006 m d
007 cr n
008 920616d19922005xnauu p s 0 0eng c
010 |a sn 92033474  
016 7 |a 9212043  |2 DNLM 
016 7 |a SR0073633  |2 DNLM 
022 |l 1037-2105  |y 1037-2105 
030 |a AJOTEQ 
035 |a (WaSeSS)ssj0018393 
040 |a FCM-M  |b eng  |c FCM-M  |d DNLM  |d OUCA  |d CSdS  |d OCoLC  |d DE-MnBSB  |d OCLCF  |d DNLM  |d OCoLC  |d WaSeSS 
042 |a pcc 
043 |a u-at--- 
050 4 |a RF1  |b .A97 
060 0 0 |a W1  |b AU613J 
245 0 0 |a Australian journal of oto-laryngology  |h [electronic resource] :  |b the official journal of the Australian Society of Oto-laryngology Head and Neck Surgery. 
246 1 6 |a Australian journal of otolaryngology 
260 |a St. Leonards, N.S.W. :  |b The Society,  |c [1992]- 
362 0 |a Vol. 1, no. 1 (Jan. 1992)- 
362 1 |a Ceased with vol. 8, no. 1 (2005). 
500 |a Title from cover. 
506 |a License restrictions may limit access. 
650 0 |a Otolaryngology  |z Australia  |v Periodicals. 
650 0 |a Otolaryngology, Operative  |z Australia  |v Periodicals. 
650 2 |a Otorhinolaryngologic Diseases. 
650 2 |a Otorhinolaryngologic Diseases  |x surgery. 
650 7 |a Otolaryngology.  |2 fast  |0 (OCoLC)fst01048946 
650 7 |a Otolaryngology, Operative.  |2 fast  |0 (OCoLC)fst01048962 
650 0 7 |a Hals-Nasen-Ohren-Krankheit.  |2 swd 
650 0 7 |a Zeitschrift.  |2 swd 
651 7 |a Australia.  |2 fast  |0 (OCoLC)fst01204543 
655 0 |a Electronic journals. 
710 2 |a Australian Society of Oto-laryngology, Head and Neck Surgery. 
780 0 0 |t Journal of the Oto-laryngological Society of Australia  |x 0030-6614  |w (DLC)sn 82001944  |w (OCoLC)1334403 
850 |a DNLM 
856 4 0 |z Full text available from Research Library: 07/01/1998 to 06/30/2005  |u https://search.proquest.com/publication/33823